• 首页
  • 本馆介绍
  • 公告通知
  • 最新文献
  • 馆藏检索
  • 电子资源
  • 读者导购
  • 参考咨询
  • 我的图书馆
  • 登录
  • 详细信息显示
  • 放入我的书架
  • 预约/预借图书
  • 作者相关作品
  • 分类相关作品
  • 丛书相关作品
  • 出版社相关作品

书目信息

  • 表格格式
  • 工作单格式
  • 卡片格式
题名:
洁净煤技术
    
 
作者: 姚强 , 陈超 编著
分册:  
出版信息: 北京   化学工业出版社  2005
页数: 316页
开本: 24cm
丛书名: 21世纪可持续能源丛书
单 册:
中图分类: TK227.1 , TQ53
科图分类:
主题词: 煤--燃烧--净化--技术 , 煤 , 燃烧 , 净化
电子资源:
ISBN: 7-5025-6030-0
000 01014oam2 2200325 450
001 002786577
005 20080303092801.31
010    @a7-5025-6030-0@dCNY42.00
035    @a002786577
100    @a20041201d2005 em y0chiy0110 ea
101 0  @achi
102    @aCN@b110000
105    @aa z 000yy
106    @ar
200 1  @a洁净煤技术@Ajie jing mei ji shu@f姚强,陈超编著
210    @a北京@c化学工业出版社@d2005
215    @a316页@c彩照,图@d24cm
225 2  @a21世纪可持续能源丛书
330    @a本书包括八章:煤炭利用与环境问题、煤的净化技术、煤的先进燃烧技术、燃煤烟气净化技术、煤的气化技术、煤的液化技术、洁净煤发电新技术、洁净煤技术的发展与前景展望。
461  0 @1001002771288@12001 @a21世纪可持续能源丛书
606 0  @a煤@x燃烧@x净化@x技术
606 0  @a煤
606 0  @a燃烧
606 0  @a净化
690    @aTK227.1@v4
690    @aTQ53@v4
701  0 @a姚强@Ayao qiang@f(1962~)@4编著
701  0 @a陈超@Achen chao@c(能源)@4编著
801  0 @aCN@bNLC@c20080303
905    @dTK227.1@e99@f4
    
    洁净煤技术/姚强,陈超编著.-北京:化学工业出版社,2005
    316页:彩照,图;24cm.-(21世纪可持续能源丛书)
    
    
    ISBN 7-5025-6030-0:CNY42.00
    本书包括八章:煤炭利用与环境问题、煤的净化技术、煤的先进燃烧技术、燃煤烟气净化技术、煤的气化技术、煤的液化技术、洁净煤发电新技术、洁净煤技术的发展与前景展望。
●
相关链接 在E读中查询图书 在五车中查询图书 在当当中查询图书 在豆瓣中查询图书


正题名:洁净煤技术     索取号:TK227.1/99         预约/预借

序号 登录号 条形码 馆藏地/架位号 状态 备注
1 0614940   206149407   第二样本阅览室/ [索取号:TK227.1/99] 在馆    
2 0614941   206149416   第三借阅区/ [索取号:TK227.1/99] 在馆    
3 0614942   206149425   第三借阅区/ [索取号:TK227.1/99] 在馆    
4 0614943   206149434   第三借阅区/ [索取号:TK227.1/99] 在馆    
唐山师范学院图书馆 欢迎您!
大连网信软件有限公司© 版权所有